[Event "CZE-chT2D 1314"]
[Site "Czech Republic"]
[Date "2013.12.01"]
[Round "3.8"]
[White "Kubista, Ladislav"]
[Black "Szucs, Matyas"]
[Result "0-1"]
[WhiteElo "1743"]
[BlackElo "1992"]
[PlyCount "76"]
[EventDate "2013.11.03"]
[EventType "team-tourn"]
[EventRounds "11"]
[EventCountry "CZE"]
[SourceTitle "EXT 2016"]
[Source "ChessBase"]
[SourceDate "2015.10.08"]
[SourceVersion "1"]
[SourceVersionDate "2015.10.08"]
[SourceQuality "1"]
[WhiteTeam "Usti nad Orlici"]
[BlackTeam "Lipa"]
[WhiteTeamCountry "CZE"]
[BlackTeamCountry "CZE"]

1. e4 e6 2. d4 d5 3. e5 c5 4. c3 Nc6 5. Nf3 Bd7 6. Bd3 Rc8 7. a3 cxd4 8. cxd4 Qb6 9. Bc2 Nge7 10. Nc3 Ng6 11. 0-0 Be7 12. Re1 0-0 13. Qd3 Qd8 14. b4 a6 15. Bb2 Na7 16. Rac1 Nb5 17. Bb1 Nxc3 18. Rxc3 Bb5 19. Rxc8 Qxc8 20. Qc2 Qxc2 21. Bxc2 Rc8 22. Bxg6 hxg6 23. Rc1 Rxc1+ 24. Bxc1 Kf8 25. g3 Ke8 26. Nd2 Kd7 27. Nb3 b6 28. h4 Kc6 29. f4 Bc4 30. Nd2 Kb5 31. Kf2 a5 32. bxa5 bxa5 33. Nb1 Bd3 34. Nc3+ Kc4 35. Bb2 Bxa3 36. Ba1 Bb4 37. Na4 Bc2 38. Nb6+ Kb3 0-1